| 000 | 00896nam a2200253Ia 4500 | ||
|---|---|---|---|
| 001 | 866 | ||
| 003 | GE_BSU | ||
| 008 | 181216s||||||||xx |||||||||||||| ||und|| | ||
| 020 | _a9993013807 | ||
| 040 | _cGE_BSU | ||
| 080 | _a94(470):94(479.22) | ||
| 100 | _aДжавахишвили,Н.Г. | ||
| 245 | _aСанкт-Петербург-центр русско-грузинских взаимоотношении(1703-2003гг.) | ||
| 245 | _bПосвящается 300-летию со дня основания Санкт-Петербурга | ||
| 245 | _cРед.Р.В.Метревели | ||
| 260 | _aТбилиси | ||
| 260 | _bТбилисский ун-т | ||
| 260 | _c2003 | ||
| 300 | _a279стр. | ||
| 541 | _h8л. | ||
| 653 | _aИстория | ||
| 653 | _aСанкт-Петербург-центр русско-грузинских взаимоотношении | ||
| 942 | _cBK | ||
| 999 |
_c35027 _d35027 |
||